| 000 | 00645nam a2200193 a 4500 | ||
|---|---|---|---|
| 001 | 000025239 | ||
| 005 | 20240422104515.0 | ||
| 008 | 110211s1976 cr r 000 0 spa d | ||
| 040 |
_aDO-SdBNP _bspa _cBNPHU |
||
| 082 |
_aNNN _bB142h |
||
| 100 | 1 |
_aBaeza Flores, Alberto, _d1914-1998 _97565 |
|
| 245 | 1 | 0 |
_aEl hombre de la rosa blanca : _bnueva biografía de José Martí / _cAlberto Baeza Flores. |
| 260 |
_aSan José, Costa Rica : _bEpoca y Ser, _c1976. |
||
| 300 |
_a311, [2] p. ; _c22 cm. |
||
| 490 | 1 | _aTiempo de ahora | |
| 500 | _aIncluye datos del autor en la solapa y en la cubierta | ||
| 830 | 0 |
_aTiempo de ahora _951728 |
|
| 049 | _aBNGR | ||
| 999 |
_c24732 _d24732 |
||